000 00842nam a22002057a 4500
005 20220407123454.0
008 220407b mx ||||| |||| 00| 0 spa d
020 _a9687864001 (obra completa)
020 _a9687864044
050 0 4 _aBX8526
_bH54 1999
100 1 _aHiguera Bonfil, Antonio
245 1 1 _aA Dios las deudas y al alcalde las jaranas :
_b religión y política en el Caribe mexicano /
_cAntonio Higuera Bonfil
250 _a1a ed.
260 _aMexico :
_bConsejo Nacional de Ciencia y Tecnología ; Chetumal, Quintana Roo : Universidad de Quintana Roo,
_c1999
300 _axxxii, 311 p. :
_bilustraciones, mapas
_c21 cm.
490 0 _aColección Sociedad y cultura en la vida de Quintana Roo ;
_vNo. 4
650 4 _aTestigos de Jehová
651 4 _aQuintana Roo
_xPolítica y gobierno
_ySiglo XX
942 _2lcc
_cLIB
999 _c161612
_d161610